Statystyki dla Jagiellonia Białystok 18/19

Kliknij tutaj aby rozwiązać quiz!

Ogólne statystyki

  • Ten quiz został rozwiązany 42 razy
  • Średni wynik to 9 z 27

Statystyki odpowiedzi

PozycjaZawodnik% Poprawnych
Środkowy pomocnikTaras Romanczuk
71%
BramkarzMarian Kelemen
63%
Środkowy obrońcaIvan Runje
53%
SkrzydłowyJesus Imaz
53%
Lewy obrońcaGuilherme
50%
NapastnikPatryk Klimala
50%
BramkarzGrzegorz Sandomierski
47%
Środkowy pomocnikMartin Pospisil
47%
Środkowy obrońcaZoran Arsenic
42%
SkrzydłowyArvydas Novikovas
39%
Prawy obrońcaJakub Wójcicki
39%
Środkowy obrońcaNemanja Mitrovic
37%
Prawy obrońcaAndrej Kadlec
34%
SkrzydłowyMartin Kostal
34%
Środkowy pomocnikBartosz Kwiecień
29%
Lewy obrońcaBodvar Bodvarsson
29%
Środkowy pomocnikMarko Poletanovic
21%
Środkowy obrońcaMichał Ozga
21%
NapastnikMaciej Twarowski
18%
SkrzydłowyMile Savkovic
18%
Środkowy pomocnikMartin Adamec
16%
BramkarzJakub Miszczuk
11%
Środkowy pomocnikMikołaj Nawrocki
11%
NapastnikStefan Scepovic
11%
SkrzydłowyJustas Lasickas
8%
Środkowy pomocnikSzymon Łapiński
8%
BramkarzWiktor Kaczorowski
5%

Rozkład punktacji

Percentyl według liczby udzielonych odpowiedzi

Procent ludzi z każdym wynikiem

Twoja historia wyników

Nie rozwiązałeś tego quizu